000 005350000a22001930004500
003 LK-CoMWRAF
005 20230902143755.0
008 230817t1994 ||||| |||| 00| 0 eng d
020 _a8174350098
040 _aLK-CoMWRAF
_dLK-CoMWRAF
_eLK-CoMWRAF
041 _aeng
082 _a340.59
_bHAS
100 _aHasan, Ahmed
245 _aThe Early Development of Islamic Jurisprudence
260 _aDelhi:
_bAdam,
_c1994
300 _axvi, 234 p. 22 cm.
_bBibliography and index included
650 _aISLAMIC LAW-History
942 _cBK
999 _c1033
_d1033